000 00760cam a2200253 4500
001
008 090401t1964 xxu||||| |||| 00| 0 eng d
020 _a0105493937
035 _a(Sirsi) u24063
041 _aeng
050 _a692.8
110 _aMinistry of Public Building and Works
_9592
245 4 _aThe placing and management of contracts for building and civil engineering work: report of the Committee
260 _aLondon
_bHMSO
_c1964
300 _avi,48p.
_c30cm.
350 _a12
650 _aBANWELL REPORT
650 _aBUILT ENVIRONMENT-BUILDING CONTRACT FORMS
650 _aENGINEERING CONTRACTS
690 _aBUILT ENVIRONMENT-BUILDING CONTRACT FORMS
700 _aBanwell, Harold
_xChairman
942 _n0
948 _c04/03/1997
999 _c88492
_d88492